00512nam a2200121Ia 4500008004100000100001900041245010600060245005300166260000900219300003100228440005600259650007500315171207s9999 xx 000 0 und d aFinkel, Eli J. aReplicability and other features of a high-quality science: Toward a balanced and empirical approach. cFinkel, Eli J.; Eastwick, Paul W.; Reis, Harry T c2017 apages 244-253, August 2017 aJournal of Personality and Social Psychologyv113:2 aRESEARCH METHODS, BEST PRACTICES, REPLICABILITY, SCIENTIFIC DESIDERATA